|
|
|
|
| LEADER |
01660nam a22004332i 4500 |
| 001 |
000237532 |
| 003 |
CZ BrMZK |
| 005 |
20220127153220.0 |
| 007 |
ta |
| 008 |
020613s1923 xr f |||| 0 cze d |
| 015 |
|
|
|a cnb000342701
|
| 020 |
|
|
|q (Vázáno)
|
| 040 |
|
|
|a ABA006
|b cze
|c ABA006
|d ABA006
|d BOA001
|e rda
|
| 072 |
|
7 |
|a 336.1/.5
|x Veřejné finance
|2 Konspekt
|9 4
|
| 080 |
|
|
|a 336.14
|2 MRF
|
| 080 |
|
|
|a 336.145
|2 MRF
|
| 080 |
|
|
|a (437)
|2 MRF
|
| 080 |
|
|
|a (042.3)
|2 MRF
|
| 100 |
1 |
|
|a Pazourek, Josef,
|d 1862-1933
|7 jk01092209
|4 aut
|
| 245 |
1 |
0 |
|a Rozbor závěrečného účtu státního hospodářství v roce 1919 /
|c přednesl Jos. Pazourek, ve schůzi společnosti pořádané dne 19. března 1923 v Praze
|
| 264 |
|
1 |
|a V Praze :
|b Nákladem České národohospodářské společnosti,
|c 1923
|
| 264 |
|
3 |
|a Pražské akciové tiskárny
|
| 300 |
|
|
|a 24 stran
|
| 336 |
|
|
|a text
|b txt
|2 rdacontent
|
| 337 |
|
|
|a bez média
|b n
|2 rdamedia
|
| 338 |
|
|
|a svazek
|b nc
|2 rdacarrier
|
| 490 |
1 |
|
|a Sbírka přednášek pořádaných Českou národohospodářskou společností ;
|v 1922-23, VII
|
| 648 |
|
4 |
|a 1919
|
| 650 |
0 |
7 |
|a státní rozpočet
|7 ph126190
|2 czenas
|
| 650 |
0 |
7 |
|a veřejné rozpočty
|7 ph164217
|2 czenas
|
| 650 |
0 |
7 |
|a rozpočtová skladba
|7 ph164218
|2 czenas
|
| 651 |
|
7 |
|a Československo
|7 ge131689
|2 czenas
|
| 655 |
|
7 |
|a přednášky
|7 fd133199
|2 czenas
|
| 830 |
|
0 |
|a Sbírka přednášek (Česká národohospodářská společnost)
|0 s
|
| 910 |
|
|
|a BOA001
|b 2-0047.370,1922-23/7
|
| 990 |
|
|
|a BK
|
| 993 |
|
|
|a Y
|
| 991 |
|
|
|b 202201
|
| 996 |
7 |
|
|b 2619896319
|c 2-0047.370,1922-23/7
|l MZK
|r Sklad / do 24 hodin
|n 0
|w 000237532
|u 000010
|a 1
|e BOA001
|j MZK50
|s A
|